WW2 Quiz(Very Hard) - Statistics

General Stats
  • This quiz has been taken 469 times
  • The average score is 18 of 30
Answer Stats
Hint Answer % Correct
German Air Force Luftwaffe
93%
Japanese emperor during WW2 Hirohito
91%
Operation ________, NAZI invasion of Russia Barbarossa
89%
NAZI General nicknamed "Desert Fox" Rommel
89%
German coding machine Enigma
84%
UK Prime minister at the start of the war, "Peace in our time" Chamberlain
81%
Battle fought near the Volga river, one of the deadliest in history Stalingrad
79%
"Ike", overall commander of western allied forces Eisenhower
78%
The ___________ Project was set to build an atomic bomb Manhattan
77%
The Reichstag parliament building was allegedly lit on fire by "Dutch Communists" in what country Germany
72%
German battleship that sunk H.M.S Hood Bismarck
70%
Political system adopted by Mussolini and Hitler Fascism
69%
Spanish dictator supported by the Axis during the Spanish Civil War Franco
69%
Notorious Russian tank used in the east (use a dash between the letter and the number) T-34
67%
Japanese attack where the U.S.S West Virginia was sunk in harbor Pearl Harbor
65%
Overall British commander of western forces Montgomery
63%
This island was said to have "water problems" as bait to the Japanese fleet, turning point in the Pacific Midway
58%
Inflated_______ were used to confuse Germans on the allied invasion of Europe Tanks
58%
Japanese commander, namesake of largest Japanese battleship Yamamoto
55%
This South American country supplied most of Britains meat during the war Argentina
53%
North European country allied with Germany during WW2 Norway
48%
US naval commander, namesake of aircraft carrier class Nimitz
43%
Operation_________ was the allied invasion of Africa Torch
40%
The element __________ was used in the Fat Man atomic bomb dropped on Nagasaki Plutonium
39%
Town surrounded during the Battle of The Bulge Bastogne
35%
The Multiple Launch Rocket System ,MLRS, was first used by this country Russia
34%
The Japanese formally surrender on the U.S.S__________ Missouri
31%
Operation________ evacuated British and French troops from Dunkirk Dynamo
19%
Site in contention with Normandy for the Allied invasion of Europe Pas de Calais
15%
Name of the plane that dropped Fat Man on Nagasaki Boxcar
6%
No matching quizzes found
Score Distribution
Percent of People with Each Score
Percentile by Number Answered
Your Score History
You have not taken this quiz